Inteligentné telefóny ľudia neprijmú nové technológie, pretože sú moderné, kvalitnejšie a rýchlejšie, pokiaľ im táto modernosť, kvalita a rýchlosť nebudú prinášať konkrétny úžitok

Bibliographic Details
Main Author: Duduc, Vladimír (Author)
Format: Article
Language:Slovak
PhysicalDescription:Graf
ISSN:1335-4620
Subjects:

MARC

LEADER 00000nab a2200000 a 4500
001 vtls000806819
003 SK-MaSNL
005 20260302150107.0
008 180207c2002 xo 0 slo
015 |a SNBRB2002/09-29204 
035 |a CLN000158474 
040 |a SNKBUCL  |b slo  |c SNKBUCL  |e AACR2 
041 0 |a slo 
044 |a xo  |c SK 
080 |a 654.16:681.3  |2 UDC-MRF-SK2 
080 |a 681.3  |2 UDC-MRF-SK2 
080 |a 621.395.72  |2 UDC-MRF-SK2 
245 0 0 |a Inteligentné telefóny  |b ľudia neprijmú nové technológie, pretože sú moderné, kvalitnejšie a rýchlejšie, pokiaľ im táto modernosť, kvalita a rýchlosť nebudú prinášať konkrétny úžitok  |c pripravil Vladimír Duduc 
300 |b Graf 
650 0 7 |a komunikácia mobilná  |x technológia UMTS  |x telefóny mobilné  |x vývoj  |2 snkbucl  |9 839130 
650 0 7 |a technológia UMTS  |2 snkbucl  |9 839128 
650 0 7 |a telefóny mobilné  |2 snkbucl  |9 839131 
655 7 |a články z novín a časopisov  |2 snkbucl  |9 267496 
700 1 |a Duduc, Vladimír  |4 aut  |9 689581 
773 0 |x 1335-4620  |t Profit  |g Roč. [10], č. 27 (2002), s. 14-15 
850 |a Slovenská národná knižnica v Martine 
852 |a SNK  |b KIS3GCP 
958 |a RBX 
999 |c 1356446  |d 1358376